Welcome to CU Library Online Public Access Catalogue (OPAC)

7200 solved MCQs Post Graduate Medical Entrance Examination 1991-2005/ (Record no. 2792)

MARC details
000 -LEADER
fixed length control field 00442nam a22001337a 4500
005 - DATE AND TIME OF LATEST TRANSACTION
control field 20250122130923.0
008 - FIXED-LENGTH DATA ELEMENTS--GENERAL INFORMATION
fixed length control field 250122b |||||||| |||| 00| 0 eng d
020 ## - INTERNATIONAL STANDARD BOOK NUMBER
International Standard Book Number 9788174731814
050 ## - LIBRARY OF CONGRESS CALL NUMBER
Classification number R838.5 POS
245 ## - TITLE STATEMENT
Title 7200 solved MCQs Post Graduate Medical Entrance Examination 1991-2005/
Statement of responsibility, etc. compiled by U. N. Panda
260 ## - PUBLICATION, DISTRIBUTION, ETC.
Place of publication, distribution, etc. Krishan Nagar, Delhi
Name of publisher, distributor, etc. A.I.T.B.S. Publishers & Distributors
Date of publication, distribution, etc. 2006
300 ## - PHYSICAL DESCRIPTION
Extent 689p.
Dimensions 23.5cm
942 ## - ADDED ENTRY ELEMENTS (KOHA)
Source of classification or shelving scheme Library of Congress Classification
Koha item type Books
Suppress in OPAC No
999 ## -
-- 2792
-- 2792
Holdings
Withdrawn status Lost status Source of classification or shelving scheme Damaged status Not for loan Collection Home library Current library Shelving location Date acquired Total checkouts Full call number Barcode Date last seen Copy number Price effective from Koha item type
    Library of Congress Classification     Non-fiction Science Library (Miotso) Science Library (Miotso) General stacks 01/22/2025   R838.5 POS SLM00002140 01/22/2025 1 01/22/2025 Books
    Library of Congress Classification     Non-fiction Science Library (Miotso) Science Library (Miotso) General stacks 01/22/2025   R838.5 POS SLM00002141 01/22/2025 2 01/22/2025 Books
    Library of Congress Classification     Non-fiction Science Library (Miotso) Science Library (Miotso) General stacks 01/22/2025   R838.5 POS SLM00002142 01/22/2025 3 01/22/2025 Books
    Library of Congress Classification     Non-fiction Science Library (Miotso) Science Library (Miotso) General stacks 01/22/2025   R838.5 POS SLM00002143 01/22/2025 4 01/22/2025 Books
    Library of Congress Classification     Non-fiction Science Library (Miotso) Science Library (Miotso) General stacks 01/22/2025   R838.5 POS SLM00002144 01/22/2025 5 01/22/2025 Books
© 2023-2024 Copyright: Central University Libraries. All Rights Reserved | Created by: Mahone Tech Office